| 000 | 00590nam a22001937a 4500 | ||
|---|---|---|---|
| 003 | OSt | ||
| 005 | 20260120014904.0 | ||
| 008 | 260120b |||||||| |||| 00| 0 eng d | ||
| 020 | _aB002BFBD1C | ||
| 040 |
_aDWCL - Main _cOC |
||
| 082 | _aProf. 028 T395 1949 | ||
| 100 |
_aThornton, Francis Beauchesne _eAuthor |
||
| 245 |
_aHow to improve your personality by reading / _cFrancis Beauchesne Thornton |
||
| 260 |
_aMilwaukee: _bThe Bruce Pub. Company, _cc1949 |
||
| 300 |
_axii, 241 p.; _c22 cm. |
||
| 504 | _aIncludes index. | ||
| 650 | _a1. Books and reading. | ||
| 942 |
_2ddc _cPROF. _n0 |
||
| 999 |
_c7562 _d7562 |
||